000 00603nam a2200253Ia 4500
005 20260121154547.0
008 008 260114s9999 xx 000 0 eng d
020 _a9781003244837
037 _aEBOOK
040 _aCRL
040 _beng
040 _cCRL
041 _2eng
041 _aeng
084 _qCRL
100 _a Yunxian Chen
_91008706
245 4 _aThe Dual-Entity of Market Competition
260 _bTaylor and Francis
260 _c2022
856 _uhttp://www.taylorfrancis.com/books/9781003244837
942 _cEBOOK
999 _c1575527
_d1575527